Riesci a nominare 16 giocatori dell'Inter (2000-2010)? - Medio - Statistics

Statistiche generali
  • Questo quiz è stato fatto 129 volte
  • Il punteggio medio è 11 su 16
Statistiche sulle risposte
con Immagini Risposta % Corretto
Fabio Grosso
95%
Juan Sebastian Veron
92%
Edgar Davids
91%
Clarence Seedorf
89%
Patrick Vieira
89%
Gabriel Batistuta
86%
Sulley Muntari
81%
Julio Cruz
70%
Nicolas Burdisso
67%
Sergio Conceicao
65%
Mancini
63%
Sebastien Frey
55%
David Suazo
45%
Maxwell
39%
Mohamed Kallon
35%
Matias Almeyda
27%
Nessun quiz corrispondente trovato
Distribuzione punteggi
Percentuale di utenti per punteggio
Percentile per numero di risposta
I tuoi punteggi nel tempo
Non hai fatto questo quiz